000 00732nam a2200193 a 4500
001 000016152
005 20251204073702.0
008 100226s1963 fr 000 0 spa d
040 _aDO-SdBNP
_bspa
_cBNPHU
082 _a346.01757293
_bP645p
100 1 _aPina Acevedo y Martínez, Ramón
_936158
245 1 3 _aLa prueba en materia de investigación de paternidad ante la justicia represiva dominicana /
_cRamón Pina Acevedo y Martínez, Luz Bethania Pelaez Ortíz de Pina.
260 _aParís
_fDanube
_c1963.
300 _a69 p. ;
_c22 cm.
650 4 _aPruebas de paternidad
_xInvestigaciones
_936159
650 0 _aAdministración de justicia
_910083
700 1 _aPelaez Ortíz de Pina, Luz Bethania
_936160
049 _aBNPD
999 _c15692
_d15692